تحميل...
How to prepare forhe CAT
| المؤلف الرئيسي: | |
|---|---|
| التنسيق: | Printed Book |
| منشور في: |
New Delhi
Tata McGraw -Hill
2007
|
| الطبعة: | 3rd. |
| الموضوعات: |
| LEADER | 00516nam a22001577a 4500 | ||
|---|---|---|---|
| 020 | |a 9780070635784 | ||
| 082 | |a 658.007 6 |b MUN/H | ||
| 100 | |a Muneer, Muhamed | ||
| 245 | |a How to prepare forhe CAT | ||
| 250 | |a 3rd. | ||
| 260 | |a New Delhi |b Tata McGraw -Hill |c 2007 | ||
| 300 | |a 551p. | ||
| 650 | |a Management-Competitive exams | ||
| 942 | |c BK | ||
| 999 | |c 43206 |d 43206 | ||
| 952 | |0 0 |1 0 |4 0 |6 658_007000000000000_6_MUNH |7 0 |8 Stack |9 47143 |a KUCL |b KUCL |c Stack |d 2017-01-04 |l 1 |o 658.007 6 MUN/H |p 44143 |r 2018-02-12 |s 2018-01-27 |w 2017-01-04 |y BK | ||